000 00815cam a2200205 4500
001 WB3621-21
008 000000n2000 000 0 eng u
035 _a(Sirsi) u106181
245 _aCan a pack ease moving?
260 _c2000
490 _aTimes
_v 31 May 2000, 28(1)
520 _aOutlines conflicting views from the industry on the benefits of a seller's pack. One critic of the scheme believes surveyors and lawyers should not be paid in advance of a sale that may not happen, whilst supporters say it reduces the risk of gazumping.
590 _aWB
650 _aSELLERS PACKS
650 _aGAZUMPING
650 _aPROPERTY-RESIDENTIAL PROPERTY-ACQUISITION AND DISPOSAL OF RESIDENTIAL PROPERTY
650 _aCONDITION REPORTS
690 _aPROPERTY AND LAND LAW-AGENCY-RESIDENTIAL
942 _n0
999 _c63611
_d63611